000
00325nam a22001457a 4500
008
210526b ||||| |||| 00| 0 eng d
020
_a
0675 058430 02
041
_a
eng
080
_a
510
082
_a
510
100
_a
36
101
_a
MAT
245
_a
Teacher Guide and Tests for Geometry
_c
Foster,
942
_2
udc
_c
BK
999
_c
57644
_d
57644